000 00704nam a2200241Ia 4500
003 OSt
005 20220925203643.0
006 a|||||r|||| 00| 0
007 ta
008 220923b |||||||| |||| 00| 0 eng d
037 _cGeneral Book
040 _aRTL
_cRTL
_beng
041 _2eng
_aeng
082 _aB280bX:8:(S:44), K8
100 _aMorgan Bruce W
_9266702
245 0 _aIntroduction to bayesian statistical decision proc
260 _aEnglewood
_bCliff NJ Pritice-Hall
_c1968
300 _aix, 116p
_ccm.
500 _aBibliography: P 111
650 _aStatistics
_935791
942 _hB280bX:8:(S:44), K8
_cGB
_2CC
999 _c547299
_d547299